合併して消滅した自治体Part.2 - Statistics

General Stats
  • This quiz has been taken 4 times
  • The average score is 31 of 40
Answer Stats
Hint Answer % Correct
マキノ町 高島市
100%
別子山村 新居浜市
100%
市来町 いちき串木野市
100%
宮島町 廿日市市
100%
土佐山田町 香美市
100%
戸隠村 長野市
100%
日和佐町 美波町
100%
牡鹿町 石巻市
100%
小牛田町 美里町
100%
鳩ヶ谷市 川口市
100%
開聞町 指宿市
100%
八日市場町 匝瑳市
100%
水沢市 奥州市
100%
鷹巣町 北秋田市
100%
女満別町 大空町
100%
小淵沢町 北杜市
100%
韮山町 伊豆の国市
100%
因島市 尾道市
100%
甘木市 朝倉市
100%
黒磯市 那須塩原市
100%
木造町 つがる市
100%
美星町 井原市
67%
大井川町 焼津市
67%
天城湯ヶ島町 伊豆市
67%
神岡町 飛騨市
67%
渥美町 田原市
67%
阿寒町 釧路市
67%
寺泊町 長岡市
67%
具志川町 うるま市
67%
新町 高崎市
67%
鳥海町 由利本荘市
67%
頴娃町 南九州市
67%
加茂町 木津川市
67%
高野口町 橋本市
67%
温海町 鶴岡市
33%
丸瀬布町 遠軽町
33%
三厩村 外ヶ浜町
33%
雄物川 横手市
33%
耶馬溪町 中津市
33%
追分町 安平町
0%
No matching quizzes found
Score Distribution
Percent of People with Each Score
Percentile by Number Answered
Your Score History
You have not taken this quiz